"Золотий Храм" Юкіо Місіми як засіб навчання іншомовної комунікативної компетенції (Запис № 283472)

МАРК-запис
000 -LEADER
fixed length control field 02029nam a22001577a 4500
041 ## - LANGUAGE CODE
Language code of text/sound track or separate title ukr
080 ## - UNIVERSAL DECIMAL CLASSIFICATION NUMBER
Universal Decimal Classification number 09
090 ## - LOCALLY ASSIGNED LC-TYPE CALL NUMBER (OCLC); LOCAL CALL NUMBER (OCLC)
Local cutter number (OCLC) ; Book number/undivided call number, CALL (RLIN) ШОК
100 ## - MAIN ENTRY--PERSONAL NAME
Personal name Шокало А.В.
245 ## - TITLE STATEMENT
Title "Золотий Храм" Юкіо Місіми як засіб навчання іншомовної комунікативної компетенції
260 ## - PUBLICATION, DISTRIBUTION, ETC. (IMPRINT)
Place of publication, distribution, etc Острог
Name of publisher, distributor, etc КАФ
Date of publication, distribution, etc 2006
300 ## - PHYSICAL DESCRIPTION
Extent 82
520 ## - SUMMARY, ETC.
Summary, etc Розділ 1. Концепція краси у романі "Золотий Храм"<br/>1.1. Основні компоненти концепції краси<br/>1.2. Фізична вада як чинник руйнування душі<br/>1.3. Парадокси свідомості головного персонажа<br/>1.4. Вплив соціуму і самодостатність Мідзогуті<br/>Розділ 2. Гармонія природи та людської душі у романі "Шум прибою"<br/>2.1. Сюжет як авторська спроба самовдосконалення<br/>2.2. Елементи еллінської естетики<br/>Розділ 3. Аналіз англійського та російського перекладів І.Морріса і Г.Чхартшвілі (Б.Акунін)<br/>3.1. Метафоричне тлумачення назви роману "Золотий Храм"<br/>3.2. Використання літературної техніки<br/>3.3. Відмінність експресивних функцій<br/>3.4. Передача фонових значень<br/>Розділ 4. Навчання іншомовної комунікативної компетенції на матеріалі твору Юкіо Місіми "Золотий Храм"<br/>4.1. Соціокультурна компетенція як зміст навчання<br/>4.2. Опис практичного заняття<br/>4.3. Аналіз структури практичного заняття
-- комунікація, література
650 ## - SUBJECT ADDED ENTRY--TOPICAL TERM
Topical term or geographic name as entry element Research Papers
942 ## - ADDED ENTRY ELEMENTS (KOHA)
Koha item type Книги
Фонди
Withdrawn status Lost status Source of classification or shelving scheme Damaged status Not for loan Home library Current library Date acquired Source of acquisition Coded location qualifier Cost, normal purchase price Total Checkouts Full call number Barcode Date last seen Price effective from Koha item type
    Universal Decimal Classification     ВІЛ - Відділ іноземн. літератури НБ ВІЛ - Відділ іноземн. літератури НБ 29/01/2019 Ретроспекція В23 1.00   09 212285 20/12/2021 29/01/2019 Книги